书目信息 |
| 题名: |
济南的冬天
|
|
| 作者: | 老舍 著 | |
| 分册: | ||
| 出版信息: | 济南 济南出版社 2015 |
|
| 页数: | 209页 | |
| 开本: | 23cm | |
| 丛书名: | ||
| 单 册: | ||
| 中图分类: | I266 , I286.7 | |
| 科图分类: | ||
| 主题词: | 散文集--中国--现代 , 童话--作品集--中国--现代 | |
| 电子资源: | ||
| ISBN: | 978-7-5488-1958-5 | |
| 000 | 00797nam0 2200253 450 | |
| 001 | 5433 | |
| 005 | 20180528203142.84 | |
| 010 | @a978-7-5488-1958-5@dCNY29.80 | |
| 100 | @a20160415d2015 cemy0chiy50 ea | |
| 101 | 0 | @achi |
| 102 | @aCN@b370000 | |
| 105 | @aa z 000zy | |
| 200 | 1 | @a济南的冬天@9ji nan de dong tian@b专著@f老舍著 |
| 210 | @a济南@c济南出版社@d2015@h2016印 | |
| 215 | @a209页@c彩图@d23cm | |
| 300 | @a中国儿童文学传世经典 | |
| 330 | @a本书收录了老舍专门为孩子创作的童话“小木头人”、“小白鼠”和“小坡的生日”以及“小麻雀”、“猫”等7篇散文。 | |
| 606 | 0 | @a散文集@y中国@z现代 |
| 606 | 0 | @a童话@x作品集@y中国@z现代 |
| 690 | @aI266@v5 | |
| 690 | @aI286.7@v5 | |
| 701 | 0 | @a老舍@9lao she@f(1899-1966)@4著 |
| 801 | 0 | @aCN@b91MARC@c20160516 |
| 905 | @aMuseLib@dI266@e2943 | |
| 济南的冬天/老舍著.-济南:济南出版社,2015(2016印) |
| 209页:彩图;23cm |
| 中国儿童文学传世经典 |
| ISBN 978-7-5488-1958-5:CNY29.80 |
| 本书收录了老舍专门为孩子创作的童话“小木头人”、“小白鼠”和“小坡的生日”以及“小麻雀”、“猫”等7篇散文。 |
| ● |
| 相关链接 |
|
|
|
|
正题名:济南的冬天
索取号:I266/2943
 
预约/预借
| 序号 | 登录号 | 条形码 | 馆藏地/架位号 | 状态 | 备注 |
| 1 | 1113263 | 211132638 | 第一样本阅览室/ [索取号:I266/2943] | 在馆 | |
| 2 | 1113264 | 211132647 | 教育系资料室/ [索取号:I266/2943] | 在馆 | |
| 3 | 1113265 | 211132656 | 教育系资料室/ [索取号:I266/2943] | 在馆 | |
| 4 | 1113266 | 211132665 | 第二借阅区/ [索取号:I266/2943] | 在馆 |